Sociología Criminal Juvenil (Registro nro. 11961)
[ vista simple ]
| 000 -Cabecera | |
|---|---|
| Campo de control de longitud fija | 00618aam a2200241 4500 |
| 005 - Fecha y hora de la última transacción | |
| Campo de control | 20260325180646.0 |
| 008 - Elementos de longitud fija--Información general | |
| Campo de control de longitud fija | 150720b2019 xxu||||| |||| 00| 0 spa d |
| 020 ## - International Standard Book Number | |
| Número Internacional Estándar del Libro (ISBN) | 9789563924497 |
| 041 ## - Idioma | |
| Código de idioma | Español |
| 082 ## - Clasificación Decimal Dewey | |
| Número de clasificación | 364.36 D249p |
| 100 ## - Entrada principal--Autor personal | |
| Nombre personal | David, Pedro R |
| 9 (RLIN) | 7322 |
| 245 ## - Título propiamente dicho | |
| Título | Sociología Criminal Juvenil |
| 260 ## - Pie de imprenta | |
| Lugar de publicación, distribución, etc. | Argentina |
| 260 ## - Pie de imprenta | |
| Nombre del editor, distribuidor, etc. | Ediciones Olejnik |
| 260 ## - Pie de imprenta | |
| Fecha de publicación, distribución, etc. | 2019 |
| 300 ## - Descripción física | |
| Extensión | 176 páginas |
| 490 ## - Serie | |
| Título de la Serie | Investigación Criminal |
| 650 ## - Materia general | |
| Temática (materia general) | DELINCUENCIA JUVENIL |
| 650 ## - Materia general | |
| Temática (materia general) | CRIMINOLOGÍA |
| 650 ## - Materia general | |
| Temática (materia general) | SOCIOLOGIA CRIMINAL |
| 650 ## - Materia general | |
| Temática (materia general) | TEORÍAS CRIMINOLÓGICAS |
| 942 ## - Punto de acceso adicional KOHA | |
| Tipo de ítem KOHA | Libro |
| Fuente del sistema de clasificación o colocación | Dewey Decimal Classification |
| Signatura completa | Código de barras | Programa Académico | Tipo de ítem |
|---|---|---|---|
| 364.36 D249p | 24315 | Investigación Criminal | Libro |
| 364.36 D249p | 25011 | Investigación Criminal | Libro |